[Event "interzonal (w)"]
[Site "Chisinau MDA"]
[Date "1995.??.??"]
[Round "3"]
[White "Semenova, Lidia"]
[Black "Sheremetieva, Marina"]
[Result "0-1"]
[WhiteElo "2310"]
[BlackElo "2250"]
[EventDate "1995.09.??"]
[PlyCount "112"]

1.d4 d5 2.c4 c6 3.e3 Nf6 4.Nf3 Bg4 5.Qb3 Qb6 6.Ne5 e6 7.Nc3 Bf5 8.Qd1 Nbd7
9.Nxd7 Nxd7 10.Be2 Be7 11.O-O O-O 12.f4 Bg6 13.g4 f5 14.g5 Qc7 15.Bd2 Bf7 
16.c5 h6 17.h4 hxg5 18.hxg5 Bxg5 19.Rf2 Bh6 20.Rh2 Nf6 21.Kf2 Bg6 22.Qg1 
Qf7 23.Qg2 Kh7 24.Rah1 b5 25.Qg5 Kg8 26.Rxh6 gxh6 27.Rxh6 Kg7 28.Bf3 Rh8 
29.Rxh8 Rxh8 30.Qg1 Kf8 31.Ke2 Bh5 32.Bxh5 Qxh5+ 33.Kd3 b4 34.Ne2 Rg8 35.
Qf1 a5 36.a3 Ne4 37.Be1 Qh2 38.axb4 axb4 39.Bxb4 Nf2+ 40.Kc3 Rg2 41.Kd2 
Ng4 42.Kd3 Rf2 43.Qe1 Qg2 44.Bd2 Qe4+ 45.Kc3 Nxe3 46.b3 Ng4 47.Nc1 Rf3+ 
48.Kb2 Qxd4+ 49.Ka3 Kf7 50.Qh4 Qxc5+ 51.Ka4 Nf6 52.Qe1 Qd4+ 53.Ka3 Rh3 54.
Ne2 Qc5+ 55.Bb4 Qe3 56.Qc3 Qa7+ 0-1

[Event "interzonal (w)"]
[Site "Chisinau MDA"]
[Date "1995.??.??"]
[Round "3"]
[White "Shumiakina, Tatiana"]
[Black "Janjgava, Natia"]
[Result "1/2-1/2"]
[WhiteElo "2345"]
[BlackElo "2280"]
[EventDate "1995.09.??"]
[PlyCount "126"]

1.d4 Nf6 2.c4 g6 3.Nf3 Bg7 4.g3 O-O 5.Bg2 d6 6.O-O c5 7.Nc3 Nc6 8.d5 Na5 
9.Nd2 a6 10.Rb1 Rb8 11.b3 b5 12.Qc2 e5 13.dxe6 Bxe6 14.cxb5 axb5 15.Nde4 
Nxe4 16.Nxe4 Bf5 17.Bb2 Re8 18.Bxg7 Kxg7 19.Rbd1 Kg8 20.g4 Bxe4 21.Bxe4 
Qd7 22.Bf3 Nc6 23.Qxc5 dxc5 24.Rxd7 Ne5 25.Rc7 Nxf3+ 26.exf3 Rec8 27.Rxc8+
Rxc8 28.Rc1 Kg7 29.Kf1 Kf6 30.Ke2 Ke5 31.Ke3 Rc7 32.h4 c4 33.bxc4 bxc4 34.
Rd1 f5 35.f4+ Ke6 36.g5 Ra7 37.Rd2 Ra3+ 38.Kd4 c3 39.Rc2 Kd6 40.Kc4 Ra4+ 
41.Kxc3 Rxf4 42.Kb3 Rxh4 43.a4 h6 44.gxh6 Rxh6 45.a5 Rh1 46.Ka4 Ra1+ 47.
Kb5 g5 48.Rc6+ Ke5 49.Kb6 Ke4 50.a6 Kf3 51.Rc5 f4 52.Rxg5 Kxf2 53.Ra5 Rxa5
54.Kxa5 f3 55.a7 Kg1 56.a8=Q f2 57.Qg8+ Kh1 58.Qc4 Kg1 59.Qd4 Kg2 60.Qe4+ 
Kg1 61.Qg4+ Kh1 62.Qf3+ Kg1 63.Qg3+ Kh1 1/2-1/2

[Event "interzonal (w)"]
[Site "Chisinau MDA"]
[Date "1995.??.??"]
[Round "3"]
[White "Wang Lei"]
[Black "Gurieli, Nino"]
[Result "1/2-1/2"]
[WhiteElo "2290"]
[BlackElo "2360"]
[EventDate "1995.09.??"]
[PlyCount "99"]

1.Nf3 Nf6 2.d4 g6 3.c4 d6 4.Nc3 Bg7 5.e4 O-O 6.h3 e5 7.d5 c5 8.Bg5 h6 9.
Be3 Na6 10.a3 Nc7 11.Nd2 Nh7 12.g4 f5 13.gxf5 gxf5 14.exf5 Bxf5 15.Nde4 
Nf6 16.Bd3 Nxe4 17.Bxe4 Qh4 18.Bxf5 Rxf5 19.Qg4 Rh5 20.Rg1 Qxg4 21.hxg4 
Rh4 22.Ke2 Rf8 23.Ne4 Ne8 24.f3 Rh2+ 25.Bf2 Nf6 26.Nxd6 e4 27.Nf5 exf3+ 
28.Kxf3 Nxg4 29.Kxg4 Rxf2 30.Nxg7 Kxg7 31.Kh3+ Kh7 32.Rae1 R8f3+ 33.Rg3 
Rf5 34.Re7+ Rf7 35.Rge3 Rf3+ 36.Kg2 Rf2+ 37.Kg3 Rf3+ 38.Rxf3 Rxe7 39.d6 
Rd7 40.Rf6 Kg7 41.Re6 Rf7 42.Kg4 b6 43.b4 Rf1 44.Re7+ Kf6 45.Rxa7 Rc1 46.
d7 Rxc4+ 47.Kh5 Rd4 48.Rb7 cxb4 49.Rxb6+ Ke7 50.axb4 1/2-1/2

[Event "interzonal (w)"]
[Site "Chisinau MDA"]
[Date "1995.??.??"]
[Round "3"]
[White "Lu Xiaosha"]
[Black "Zaitseva, Ludmila"]
[Result "1/2-1/2"]
[WhiteElo "2280"]
[BlackElo "2360"]
[EventDate "1995.09.??"]
[PlyCount "100"]

1.e4 e6 2.b3 d5 3.Bb2 dxe4 4.Nc3 Nf6 5.Qe2 Be7 6.O-O-O a5 7.a4 Nc6 8.Nxe4 
O-O 9.Nf3 b6 10.Nxf6+ Bxf6 11.Qe4 Bxb2+ 12.Kxb2 Bb7 13.Bd3 Qf6+ 14.Kb1 g6 
15.h4 Rab8 16.Bc4 Nb4 17.Qe5 Qxe5 18.Nxe5 Rbd8 19.f3 Bd5 20.h5 f6 21.Bxd5 
Rxd5 22.Nc4 gxh5 23.Ne3 Re5 24.f4 Re4 25.f5 Rd8 26.Kc1 e5 27.g3 Nd5 28.
Nxd5 Rxd5 29.Rxh5 Rd7 30.Rh6 Rf7 31.Rg1 Rg4 32.Kd1 Kf8 33.Ke2 Ke7 34.Kf3 
Rfg7 35.d3 c6 36.Rg2 b5 37.axb5 cxb5 38.Rxh7 Rxg3+ 39.Rxg3 Rxh7 40.Ke4 Kd6
41.Rg6 Rh4+ 42.Ke3 Rh3+ 43.Ke4 Rh4+ 44.Ke3 Rh3+ 45.Kd2 Rh2+ 46.Kc1 Ke7 47.
Rg7+ Kd6 48.Rg6 Ke7 49.Rg7+ Kd6 50.Rg6 Ke7 1/2-1/2

[Event "interzonal (w)"]
[Site "Chisinau MDA"]
[Date "1995.??.??"]
[Round "3"]
[White "Zhukova, Natalia"]
[Black "Bobrowska, Monika"]
[Result "0-1"]
[WhiteElo "2360"]
[BlackElo "2310"]
[EventDate "1995.09.??"]
[PlyCount "74"]

1.d4 Nf6 2.c3 g6 3.Bg5 Bg7 4.Nd2 O-O 5.e3 d6 6.Bd3 h6 7.Bh4 e5 8.Ne2 Nc6 
9.O-O g5 10.Bg3 Nh5 11.Qc2 f5 12.f3 Nxg3 13.Nxg3 f4 14.exf4 gxf4 15.Nh5 
exd4 16.Bc4+ Kh8 17.Nxg7 Kxg7 18.cxd4 Nxd4 19.Qc3 Qf6 20.Ne4 Qe5 21.Rae1 
Nc6 22.Qc1 Qd4+ 23.Nf2 Qc5 24.b3 Ne5 25.Re4 Ng6 26.Qb2+ Kh7 27.Rc1 Qg5 28.
Bd3 c6 29.Rce1 Bf5 30.R4e2 Bxd3 31.Nxd3 Rf7 32.Re6 Nh4 33.Kh1 Rg8 34.R6e2 
Rfg7 35.Qc2 Nf5 36.Nb2 Kh8 37.Nc4 Nd4 0-1

[Event "interzonal (w)"]
[Site "Chisinau MDA"]
[Date "1995.??.??"]
[Round "4"]
[White "Bojkovic, Natasa"]
[Black "Khorava, Miranda"]
[Result "1/2-1/2"]
[WhiteElo "2425"]
[BlackElo "2270"]
[EventDate "1995.09.??"]
[PlyCount "54"]

1.e4 c5 2.Nf3 Nc6 3.d4 cxd4 4.Nxd4 Nf6 5.Nc3 d6 6.Be2 e6 7.O-O Be7 8.Be3 
O-O 9.f4 Qc7 10.Bf3 a6 11.Nxc6 bxc6 12.Na4 Bb7 13.c4 c5 14.Nc3 Rad8 15.Qd2
Bc6 16.Bf2 Qb7 17.Rfe1 Rd7 18.Rad1 Rb8 19.b3 Bd8 20.Nd5 h6 21.Nxf6+ Bxf6 
22.Qa5 Bd8 23.Qc3 Bf6 24.Qa5 Bd8 25.Qc3 Bf6 26.Qc2 a5 27.Rd3 Rbd8 1/2-1/2

[Event "interzonal (w)"]
[Site "Chisinau MDA"]
[Date "1995.??.??"]
[Round "4"]
[White "Calzetta Ruiz, Monica"]
[Black "Kulish, Irina"]
[Result "1/2-1/2"]
[WhiteElo "2130"]
[BlackElo "2300"]
[EventDate "1995.09.??"]
[PlyCount "90"]

1.e4 e5 2.Nf3 Nc6 3.Bb5 f5 4.Nc3 fxe4 5.Nxe4 d5 6.Nxe5 dxe4 7.Nxc6 Qg5 8.
Qe2 Nf6 9.f4 Qxf4 10.Rf1 Qxh2 11.Nxa7+ Kd8 12.Nxc8 Kxc8 13.d4 exd3 14.Qe6+
Kb8 15.Bf4 Qxg2 16.Rf2 Qg1+ 17.Rf1 Qc5 18.Bxd3 Qb4+ 19.Kd1 Ra5 20.c3 Qxb2 
21.Rb1 Qxc3 22.Rf3 Bb4 23.Rf1 Qd4 24.Bxc7+ Ka7 25.Bxa5 Bxa5 26.Qc4 Qg1 27.
Rc1 Qh2 28.Rc2 Qh5+ 29.Kc1 Qg5+ 30.Kb1 Rd8 31.Rf5 Qg1+ 32.Rc1 Qb6+ 33.Rb5 
Qa6 34.Qc5+ Bb6 35.Qb4 Rxd3 36.Rc8 Rd1+ 37.Kc2 Rd7 38.Rxb6 Qxb6 39.Ra8+ 
Kxa8 40.Qxb6 h6 41.Qa5+ Kb8 42.Qe5+ Ka7 43.Qa5+ Kb8 44.Qe5+ Ka8 45.Qa5+ 
Kb8 1/2-1/2

[Event "interzonal (w)"]
[Site "Chisinau MDA"]
[Date "1995.??.??"]
[Round "4"]
[White "Ciuksyte, Dagne"]
[Black "Nikolin, Zorica"]
[Result "1-0"]
[WhiteElo "2225"]
[BlackElo "2235"]
[EventDate "1995.09.??"]
[PlyCount "59"]

1.e4 e5 2.Nf3 Nc6 3.d4 exd4 4.c3 dxc3 5.Bc4 d6 6.Nxc3 Nf6 7.Qb3 Qd7 8.Ng5 
Ne5 9.Bb5 c6 10.f4 cxb5 11.fxe5 dxe5 12.Be3 a5 13.O-O a4 14.Qxb5 Bd6 15.
Qc4 O-O 16.Rad1 Ra6 17.Nb5 Rc6 18.Qe2 h6 19.Rxf6 gxf6 20.Nf3 Rd8 21.Na7 
Ra6 22.Nxc8 Qxc8 23.Nh4 f5 24.Nxf5 Bf8 25.Rf1 Rg6 26.h4 Qd7 27.h5 Rc6 28.
Kh2 Kh7 29.Qg4 Rc2 30.Rf3 1-0

[Event "interzonal (w)"]
[Site "Chisinau MDA"]
[Date "1995.??.??"]
[Round "4"]
[White "Edzgveradze, Natalia"]
[Black "Sheremetieva, Marina"]
[Result "0-1"]
[WhiteElo "2320"]
[BlackElo "2250"]
[EventDate "1995.09.??"]
[PlyCount "118"]

1.d4 d6 2.Nf3 f5 3.Nc3 Nf6 4.Bg5 c6 5.Bxf6 exf6 6.e4 fxe4 7.Nxe4 d5 8.Ng3 
Bd6 9.Qd2 Qc7 10.Bd3 O-O 11.O-O Bg4 12.Qe2 Nd7 13.Rfe1 g6 14.c4 Rf7 15.Qd1
f5 16.Rc1 Qd8 17.Nf1 Nf6 18.Ne3 Bh5 19.cxd5 cxd5 20.Be2 Bb4 21.Rf1 Bxf3 
22.Bxf3 Qa5 23.Qb3 Rd8 24.a3 Bf8 25.Rfe1 Kg7 26.Qd3 Qb6 27.Rc2 Ne4 28.Bd1 
Rfd7 29.Rce2 Qf6 30.Bb3 Qg5 31.f3 Nf6 32.Nf1 Nh5 33.Qd2 Nf4 34.Kh1 h6 35.
Re8 Rxe8 36.Rxe8 Be7 37.Rc8 Bf6 38.Ng3 h5 39.Rc5 h4 40.Nf1 b6 41.Rc3 Re7 
42.Re3 Rxe3 43.Nxe3 Nxg2 44.Nxf5+ Qxf5 45.Kxg2 h3+ 46.Kf2 Bh4+ 47.Ke2 Bg5 
48.Qc2 Qf4 49.Ke1 Qe3+ 50.Kf1 Qxf3+ 51.Ke1 Qh1+ 52.Ke2 Qxh2+ 53.Kd3 Qg3+ 
54.Ke2 Qg2+ 55.Ke1 Bh4+ 56.Kd1 Qf1+ 57.Kd2 Bg5+ 58.Kc3 Qe1+ 59.Kd3 Qe3# 
0-1

[Event "interzonal (w)"]
[Site "Chisinau MDA"]
[Date "1995.??.??"]
[Round "4"]
[White "Galliamova-Ivanchuk, Alisa"]
[Black "Peng Zhaoqin"]
[Result "1-0"]
[WhiteElo "2475"]
[BlackElo "2355"]
[EventDate "1995.09.??"]
[PlyCount "84"]

1.d4 Nf6 2.c4 g6 3.Nc3 Bg7 4.e4 d6 5.f3 c5 6.dxc5 dxc5 7.Qxd8+ Kxd8 8.Be3 
Nfd7 9.Nge2 b6 10.O-O-O Ba6 11.b3 Nc6 12.f4 e6 13.e5 Kc7 14.Ne4 Raf8 15.g3
Bb7 16.Nd6 Ba8 17.Nb5+ Kc8 18.Bg2 a6 19.Bxc6 Bxc6 20.Na7+ Kc7 21.Nxc6 Kxc6
22.Nc3 Rd8 23.Ne4 h6 24.h4 Bf8 25.h5 Be7 26.Rd2 Rdg8 27.Rhd1 Nb8 28.Nd6 
Rh7 29.hxg6 fxg6 30.a3 Rd8 31.b4 cxb4 32.axb4 g5 33.b5+ Kc7 34.bxa6 Nxa6 
35.Nb5+ Kc8 36.Bxb6 Rxd2 37.Rxd2 gxf4 38.gxf4 Nc5 39.Nd6+ Bxd6 40.Rxd6 Nd7
41.Rxe6 h5 42.Bg1 h4 1-0

[Event "interzonal (w)"]
[Site "Chisinau MDA"]
[Date "1995.??.??"]
[Round "4"]
[White "Gurieli, Nino"]
[Black "Lu Xiaosha"]
[Result "1-0"]
[WhiteElo "2360"]
[BlackElo "2280"]
[EventDate "1995.09.??"]
[PlyCount "45"]

1.d4 d6 2.e4 Nf6 3.Nc3 g6 4.Nf3 Bg7 5.Be2 O-O 6.O-O Nbd7 7.e5 Ne8 8.Re1 c6
9.Bf4 dxe5 10.dxe5 Nc7 11.a4 Ne6 12.Bg3 Qa5 13.Bc4 Ndc5 14.Qe2 Qb6 15.a5 
Qxb2 16.Qe3 Qb4 17.Nd2 Bh6 18.Qxh6 Qxc3 19.Bh4 Re8 20.Bxe6 Bxe6 21.Ra3 Qd4
22.Nf3 Qg4 23.Bf6 1-0

[Event "interzonal (w)"]
[Site "Chisinau MDA"]
[Date "1995.??.??"]
[Round "4"]
[White "Janjgava, Natia"]
[Black "Hoang Thanh Trang"]
[Result "1/2-1/2"]
[WhiteElo "2280"]
[BlackElo "2405"]
[EventDate "1995.09.??"]
[PlyCount "67"]

1.d4 f5 2.g3 Nf6 3.Bg2 g6 4.Nh3 Bg7 5.Nf4 d6 6.h4 e5 7.dxe5 dxe5 8.Qxd8+ 
Kxd8 9.Nd3 Nbd7 10.Nc3 c6 11.e4 Re8 12.Bg5 Kc7 13.O-O-O fxe4 14.Nxe4 Nxe4 
15.Bxe4 Nf6 16.Bg2 h6 17.Bd2 Bf5 18.Rhe1 Nd5 19.Nc5 Rad8 20.Ne4 Bg4 21.f3 
Be6 22.Nc5 Bg8 23.Nd3 Re7 24.f4 exf4 25.Nxf4 Rxe1 26.Rxe1 Nb6 27.Re7+ Rd7 
28.Nxg6 Rxe7 29.Nxe7 Bh7 30.Bh3 Nc4 31.Bf4+ Kd8 32.Nf5 Bxb2+ 33.Kd1 h5 34.
Ne3 1/2-1/2

[Event "interzonal (w)"]
[Site "Chisinau MDA"]
[Date "1995.??.??"]
[Round "4"]
[White "Kachiani-Gersinska, Ketino"]
[Black "Arakhamia, Ketevan"]
[Result "1/2-1/2"]
[WhiteElo "2360"]
[BlackElo "2420"]
[EventDate "1995.09.??"]
[PlyCount "78"]

1.d4 Nf6 2.c4 g6 3.Nc3 Bg7 4.e4 d6 5.Be2 O-O 6.Bg5 Na6 7.f3 c6 8.Qd2 e5 9.
d5 cxd5 10.cxd5 Bd7 11.g4 Qb6 12.Nh3 Nc5 13.Nf2 a5 14.Be3 Rfc8 15.O-O Qd8 
16.Nb5 Ne8 17.Rac1 b6 18.b3 f5 19.gxf5 gxf5 20.exf5 Bxf5 21.Kh1 Nf6 22.
Bxc5 bxc5 23.Bd3 Bxd3 24.Qxd3 Qd7 25.Ne4 Nxe4 26.fxe4 a4 27.bxa4 Rxa4 28.
Nc3 Rd4 29.Qg3 Kh8 30.Rf3 Bh6 31.Rg1 Bf4 32.Qh4 Rf8 33.Rf2 Qd8 34.Qh3 Rg8 
35.Rxg8+ Qxg8 36.Rg2 Qf8 37.Qe6 Bd2 38.Rg8+ Qxg8 39.Qf6+ Qg7 1/2-1/2

[Event "interzonal (w)"]
[Site "Chisinau MDA"]
[Date "1995.??.??"]
[Round "4"]
[White "Khurtsidze, Nino"]
[Black "Zhukova, Natalia"]
[Result "1-0"]
[WhiteElo "2295"]
[BlackElo "2360"]
[EventDate "1995.09.??"]
[PlyCount "117"]

1.d4 d5 2.c4 e6 3.Nf3 c5 4.cxd5 exd5 5.g3 Nc6 6.Bg2 c4 7.O-O Bb4 8.b3 cxb3
9.Qxb3 Nge7 10.Ba3 Bxa3 11.Qxa3 O-O 12.Nc3 Bg4 13.e3 Qd7 14.Rfc1 Rfd8 15.
Na4 b6 16.Nb2 Qf5 17.Ne1 Bh3 18.Nbd3 Rac8 19.Rc3 h5 20.Bxh3 Qxh3 21.Nf4 
Qf5 22.h4 f6 23.Rac1 g5 24.Nfg2 Kg7 25.Qa5 Qe6 26.Qb5 Kh6 27.Nf3 Qd7 28.
Qe2 Qg4 29.R1c2 Rg8 30.Nfe1 Qxe2 31.Rxe2 Nxd4 32.exd4 Rxc3 33.hxg5+ fxg5 
34.Rxe7 Ra3 35.Re6+ Rg6 36.Re2 Re6 37.Ne3 Ra5 38.Nf5+ Kh7 39.Nf3 Rf6 40.
Re5 Rxa2 41.Nxg5+ Kg6 42.Ne7+ Kg7 43.Nf5+ Kg6 44.Ne7+ Kg7 45.Ne6+ Kf7 46.
Nf4 a5 47.Nexd5 Rd6 48.Re7+ Kg8 49.Rb7 a4 50.Nxh5 a3 51.Nhf6+ Kf8 52.Nd7+ 
Ke8 53.N7xb6 Rb2 54.Re7+ Kf8 55.Ra7 a2 56.Kg2 Rc6 57.Nd7+ Ke8 58.Ne5 Rc8 
59.Nf6+ 1-0

[Event "interzonal (w)"]
[Site "Chisinau MDA"]
[Date "1995.??.??"]
[Round "4"]
[White "Lin Ye"]
[Black "Shumiakina, Tatiana"]
[Result "1/2-1/2"]
[WhiteElo "2205"]
[BlackElo "2345"]
[EventDate "1995.09.??"]
[PlyCount "126"]

1.c4 e6 2.Nc3 d5 3.d4 c6 4.cxd5 exd5 5.Qc2 Nf6 6.Bg5 Na6 7.a3 Nc7 8.e3 Be7
9.Bd3 Ne6 10.Bh4 g6 11.Nge2 Ng7 12.O-O Bf5 13.Nf4 O-O 14.b4 a6 15.Rab1 Bd6
16.Bg3 Qe7 17.Nfe2 Bxd3 18.Qxd3 Nf5 19.Bxd6 Nxd6 20.a4 b5 21.Ng3 Rfe8 22.
Rfe1 h5 23.f3 h4 24.Nf1 Nc4 25.Nd2 Rab8 26.a5 Nh5 27.Nxc4 bxc4 28.Qd2 Nf6 
29.Na4 Ra8 30.Qc3 Qe6 31.Nc5 Qf5 32.h3 Qg5 33.Qd2 Nh5 34.Qf2 Re7 35.Ra1 
Rea7 36.e4 Nf4 37.Kh1 Rb8 38.Rab1 Kg7 39.exd5 cxd5 40.Re5 Qf6 41.Qd2 Nh5 
42.Rxd5 Ng3+ 43.Kh2 Re8 44.Re1 Rae7 45.Rde5 Rxe5 46.dxe5 Rxe5 47.Nd7 Rxe1 
48.Qxe1 Qd6 49.Qe5+ Qxe5 50.Nxe5 Nf1+ 51.Kg1 Ne3 52.Kf2 Nd5 53.Nxc4 Nxb4 
54.f4 Kf6 55.Kf3 Ke6 56.Kg4 Nc6 57.Kxh4 Kd5 58.Nb6+ Ke6 59.Na4 Kf5 60.Kg3 
Nxa5 61.Nc5 Nc6 62.Nxa6 Nd4 63.Nb4 Ke4 1/2-1/2

[Event "interzonal (w)"]
[Site "Chisinau MDA"]
[Date "1995.??.??"]
[Round "4"]
[White "Maric, Alisa"]
[Black "Danielian, Elina"]
[Result "1/2-1/2"]
[WhiteElo "2445"]
[BlackElo "2320"]
[EventDate "1995.09.??"]
[PlyCount "66"]

1.Nf3 Nf6 2.c4 c6 3.d4 d6 4.Nc3 Bg4 5.e4 Nbd7 6.Be2 e5 7.Be3 Be7 8.O-O O-O
9.Nd2 Bxe2 10.Qxe2 exd4 11.Bxd4 Re8 12.Rad1 Bf8 13.f3 Qa5 14.a3 d5 15.Qf2 
dxc4 16.Nxc4 Qa6 17.Qe2 Nd5 18.Rfe1 Nc5 19.Ne3 Qxe2 20.Nxe2 Nxe3 21.Bxe3 
f5 22.b4 Na4 23.Ng3 fxe4 24.Nxe4 a5 25.Rd7 axb4 26.axb4 Bxb4 27.Rb1 Bf8 
28.Rbxb7 Nc3 29.Nxc3 Rxe3 30.Ne4 Re2 31.Kf1 Rc2 32.Ra7 Rb8 33.Rab7 Ra8 
1/2-1/2

[Event "interzonal (w)"]
[Site "Chisinau MDA"]
[Date "1995.??.??"]
[Round "4"]
[White "Petrenko, Svetlana"]
[Black "Krupkova, Petra"]
[Result "1-0"]
[WhiteElo "2250"]
[BlackElo "2210"]
[EventDate "1995.09.??"]
[PlyCount "107"]

1.e4 e5 2.Nf3 Nc6 3.Bc4 Nf6 4.d3 Be7 5.Nbd2 O-O 6.a3 d5 7.exd5 Nxd5 8.Ne4 
Kh8 9.Bd2 Bg4 10.h3 Bxf3 11.Qxf3 Nd4 12.Qd1 f5 13.Nc3 c6 14.Ne2 b5 15.Ba2 
a5 16.Nxd4 exd4 17.O-O Qc7 18.Qf3 Rad8 19.Rfe1 Bf6 20.Re6 g6 21.Rae1 Kg7 
22.c4 dxc3 23.bxc3 Rd6 24.c4 Rxe6 25.Rxe6 Ne7 26.Qe3 Ng8 27.c5 a4 28.Rd6 
Qc8 29.Be6 Qe8 30.Bxg8 Qxe3 31.fxe3 Rxg8 32.Rxc6 Rd8 33.Rc7+ Kg8 34.d4 f4 
35.c6 fxe3 36.Bxe3 Kf8 37.Rb7 Rc8 38.d5 Be7 39.Bf4 Bxa3 40.Rxh7 Bc5+ 41.
Kh2 Kg8 42.Rb7 a3 43.Rxb5 Bd4 44.Ra5 Bb2 45.d6 Rxc6 46.d7 Bf6 47.Rxa3 Rc4 
48.Ra8+ Kf7 49.Bd6 Ke6 50.d8=Q Bxd8 51.Rxd8 Rc3 52.Bf4 Kf5 53.Rf8+ Ke4 54.
Bg5 1-0

[Event "interzonal (w)"]
[Site "Chisinau MDA"]
[Date "1995.??.??"]
[Round "4"]
[White "Qin Kanying"]
[Black "Wang Lei"]
[Result "1/2-1/2"]
[WhiteElo "2370"]
[BlackElo "2290"]
[EventDate "1995.09.??"]
[PlyCount "73"]

1.e4 c5 2.Nf3 Nc6 3.d4 cxd4 4.Nxd4 Nf6 5.Nc3 d6 6.g3 g6 7.Nde2 Bg7 8.Bg2 
Rb8 9.a4 O-O 10.O-O a6 11.Nd5 b5 12.axb5 axb5 13.Bg5 Nd7 14.Qc1 Re8 15.Rd1
Nb6 16.h3 Bd7 17.Ra6 Na4 18.b3 Nc5 19.Ra2 b4 20.Qd2 Qc8 21.Kh2 Be6 22.Bh6 
Bh8 23.Rf1 Bg7 24.Bxg7 Kxg7 25.Nd4 Bxd5 26.exd5 Nxd4 27.Qxd4+ Kg8 28.Re1 
Rb7 29.Rea1 Qc7 30.Ra5 Nd7 31.R1a2 Reb8 32.Qe3 Nf6 33.Ra6 Rb6 34.Ra7 R6b7 
35.R7a6 Rb6 36.Ra7 R6b7 37.R7a6 1/2-1/2

[Event "interzonal (w)"]
[Site "Chisinau MDA"]
[Date "1995.??.??"]
[Round "4"]
[White "Ratcu, Tatiana"]
[Black "Lematschko, Tatjana"]
[Result "1/2-1/2"]
[WhiteElo "2080"]
[BlackElo "2310"]
[EventDate "1995.09.??"]
[PlyCount "145"]

1.e4 e5 2.Nf3 Nc6 3.c3 Nge7 4.d4 Ng6 5.Bb5 exd4 6.cxd4 a6 7.Bxc6 dxc6 8.
O-O Bg4 9.Be3 Nh4 10.Nbd2 Qf6 11.h3 Nxf3+ 12.Nxf3 Bxf3 13.Qxf3 Qxf3 14.
gxf3 O-O-O 15.f4 g6 16.Rfd1 Bg7 17.Rac1 Rhe8 18.f3 f5 19.e5 Rd5 20.Kf2 Ra5
21.a3 Rb5 22.Rc2 Kd7 23.h4 Ke6 24.h5 Kf7 25.Rg1 Re6 26.Ke2 Bf8 27.hxg6+ 
Rxg6 28.Rg5 Ke6 29.Rxg6+ hxg6 30.Kf2 Be7 31.Ke2 Kf7 32.Kd2 Rd5 33.Ke1 Kg7 
34.Kf1 Rd8 35.Kg2 Kf7 36.Kg1 Rd5 37.Kf1 Bf8 38.Ke2 Rb5 39.Kf2 Ke6 40.Ke2 
Rb3 41.Kd2 Kd5 42.Ke2 a5 43.Kd2 b5 44.Ke2 b4 45.a4 Be7 46.Bc1 c5 47.dxc5 
Bxc5 48.Rd2+ Ke6 49.Rd8 Ke7 50.Rd5 Bb6 51.Rd1 Ke6 52.Rd8 Bc5 53.Rd1 Be7 
54.Rd3 Rxd3 55.Kxd3 Kd5 56.Be3 Bh4 57.b3 Bg3 58.Ke2 Bh4 59.Kd3 Bd8 60.Bd2 
Be7 61.Be3 Bf8 62.Ba7 Bh6 63.Be3 Bg7 64.Bd2 Bf8 65.Be3 Be7 66.Bd2 Bc5 67.
Be3 Be7 68.Bd2 Bh4 69.Be3 c5 70.Bd2 Bd8 71.Be3 Be7 72.Bd2 Bf8 73.Be3 
1/2-1/2

[Event "interzonal (w)"]
[Site "Chisinau MDA"]
[Date "1995.??.??"]
[Round "4"]
[White "Skripchenko, Almira"]
[Black "Lomineishvili, Maia"]
[Result "1-0"]
[WhiteElo "2400"]
[BlackElo "2295"]
[EventDate "1995.09.??"]
[PlyCount "59"]

1.e4 e6 2.d4 d5 3.Nc3 Nf6 4.Bg5 dxe4 5.Nxe4 Nbd7 6.Nf3 h6 7.Nxf6+ Nxf6 8.
Bh4 c5 9.c3 cxd4 10.Nxd4 Be7 11.Bd3 O-O 12.Qe2 Nd5 13.Bg3 a6 14.Rd1 Bd6 
15.O-O Qc7 16.Bxd6 Qxd6 17.Bb1 Qc7 18.Nf3 Nf6 19.Rd4 b6 20.Ne5 Bb7 21.Rf4 
Nd5 22.Rg4 Rae8 23.c4 Nf6 24.Rg3 Rd8 25.Qe3 Kh8 26.Rxg7 Kxg7 27.Qg3+ Ng4 
28.Qxg4+ Kf6 29.Qf4+ Kg7 30.Qf3 1-0

[Event "interzonal (w)"]
[Site "Chisinau MDA"]
[Date "1995.??.??"]
[Round "4"]
[White "Bobrowska, Monika"]
[Black "Gaponenko, Inna"]
[Result "1/2-1/2"]
[WhiteElo "2310"]
[BlackElo "2365"]
[EventDate "1995.09.??"]
[PlyCount "145"]

1.d4 e6 2.Nf3 c5 3.c3 Nf6 4.Bg5 h6 5.Bh4 cxd4 6.cxd4 Qb6 7.Qc1 Nc6 8.Bxf6 
gxf6 9.e3 d5 10.Nc3 Bd7 11.Be2 Rc8 12.O-O Na5 13.Qd2 Bb4 14.Rac1 Ke7 15.
Nh4 Kf8 16.h3 h5 17.f4 f5 18.Nf3 f6 19.Nh4 Be8 20.Rc2 Rh7 21.Qd3 Rhc7 22.
Rfc1 Nc4 23.Nd1 Bb5 24.Qb3 a5 25.Nf3 Qc6 26.a3 Be7 27.Qa2 Qd7 28.a4 Bc6 
29.Nh4 Nd6 30.Bxh5 Ne4 31.Bf3 Bd6 32.Bxe4 dxe4 33.b3 Bd5 34.Rxc7 Rxc7 35.
Rc3 Bb4 36.Rxc7 Qxc7 37.Qb2 Qb6 38.Qc3 Qc6 39.Qb2 Be1 40.g3 Bxg3 41.Ng2 
Qb6 42.Qc3 Qxb3 43.Qxb3 Bxb3 44.Nc3 Bc4 45.Nb1 Bd3 46.Nc3 Ke7 47.d5 Kd6 
48.h4 exd5 49.h5 Ke6 50.Nxd5 Kf7 51.h6 b5 52.axb5 Bxb5 53.Ne7 a4 54.Nxf5 
a3 55.Ne1 Kg6 56.Nc2 Bd3 57.Nxa3 Be1 58.Nd4 Kxh6 59.Nac2 Bh4 60.Nb4 Bc4 
61.Nf5+ Kh5 62.Nd6 Bd3 63.Kg2 Kg4 64.Nxd3 exd3 65.Ne4 Be1 66.Nxf6+ Kf5 67.
Nd5 Ke4 68.Kf1 Ba5 69.Ne7 Kf3 70.Ng6 Bc3 71.Nh4+ Kxe3 72.Ng2+ Ke4 73.Kf2 
1/2-1/2

[Event "interzonal (w)"]
[Site "Chisinau MDA"]
[Date "1995.??.??"]
[Round "4"]
[White "Stefanova, Antoaneta"]
[Black "Paasikangas, Johanna"]
[Result "1-0"]
[WhiteElo "2415"]
[BlackElo "2280"]
[EventDate "1995.09.??"]
[PlyCount "85"]

1.e4 c5 2.Nf3 d6 3.d4 cxd4 4.Nxd4 Nf6 5.Nc3 g6 6.Be3 Bg7 7.f3 O-O 8.Qd2 
Nc6 9.g4 h5 10.g5 Nd7 11.f4 a5 12.O-O-O a4 13.a3 Nb6 14.Qf2 Nd7 15.Bb5 Na7
16.Bc4 b6 17.Bd5 Rb8 18.Nxa4 Nc5 19.Nc3 e6 20.Ba2 Bb7 21.Qf3 Nc6 22.Ndb5 
Qe7 23.Rhe1 Kh7 24.Qf2 Ba6 25.f5 Be5 26.f6 Qd7 27.Bf4 Bxc3 28.Nxc3 e5 29.
Be3 Rb7 30.b4 Nd4 31.Bxd4 exd4 32.Qxd4 Na4 33.Nxa4 Qxa4 34.Kb2 Rc7 35.Bb3 
Qc6 36.Qxd6 Qc3+ 37.Kb1 Rfc8 38.Qd5 Bb7 39.Qd4 Qf3 40.e5 Qf5 41.Rc1 Rc3 
42.Kb2 Qxg5 43.Bxf7 1-0

[Event "interzonal (w)"]
[Site "Chisinau MDA"]
[Date "1995.??.??"]
[Round "4"]
[White "Thipsay, Bagyashree Sathe"]
[Black "Sakhatova, Elvira"]
[Result "1/2-1/2"]
[WhiteElo "2195"]
[BlackElo "2340"]
[EventDate "1995.09.??"]
[PlyCount "36"]

1.e4 c5 2.Nf3 g6 3.c3 Bg7 4.d4 cxd4 5.cxd4 d5 6.e5 Nc6 7.h3 Nh6 8.Nc3 O-O 
9.Be2 a6 10.O-O b5 11.Qb3 Be6 12.a3 Nf5 13.Rd1 Qb6 14.Be3 Nxe3 15.fxe3 Na5
16.Qb4 Nc6 17.Qb3 Na5 18.Qb4 Nc6 1/2-1/2

[Event "interzonal (w)"]
[Site "Chisinau MDA"]
[Date "1995.??.??"]
[Round "4"]
[White "Tsoganova, Monika"]
[Black "Maksimovic, Suzana"]
[Result "1-0"]
[WhiteElo "2295"]
[BlackElo "2190"]
[EventDate "1995.09.??"]
[PlyCount "77"]

1.d4 Nf6 2.c4 e6 3.Nf3 c5 4.e3 d5 5.Nc3 a6 6.a3 dxc4 7.Bxc4 b5 8.Ba2 Bb7 
9.O-O Be7 10.Qe2 O-O 11.Rd1 cxd4 12.Nxd4 Qc7 13.e4 Nc6 14.Be3 Nxd4 15.Bxd4
Rad8 16.Rac1 Qb8 17.e5 Nd5 18.Ne4 Nf4 19.Qe3 Ng6 20.Nc5 Nh4 21.Nxb7 Qxb7 
22.Qh3 Nf5 23.Bb1 g6 24.Bxf5 exf5 25.Qe3 Qd5 26.h3 Rfe8 27.Bc3 Qe6 28.Qf3 
h5 29.Ba5 Rxd1+ 30.Rxd1 Bc5 31.Bc3 Be7 32.Qb7 f4 33.Qe4 g5 34.h4 Qg4 35.
Rd3 gxh4 36.e6 Qxe6 37.Qxf4 Qg6 38.Re3 h3 39.Rg3 1-0

[Event "interzonal (w)"]
[Site "Chisinau MDA"]
[Date "1995.??.??"]
[Round "5"]
[White "Arakhamia, Ketevan"]
[Black "Galliamova-Ivanchuk, Alisa"]
[Result "1-0"]
[WhiteElo "2420"]
[BlackElo "2475"]
[EventDate "1995.09.??"]
[PlyCount "79"]

1.e4 c5 2.Nf3 Nc6 3.d4 cxd4 4.Nxd4 Nf6 5.Nc3 d6 6.Bg5 e6 7.Qd2 a6 8.O-O-O 
h6 9.Be3 Qc7 10.f3 Rb8 11.Kb1 Be7 12.g4 Ne5 13.h4 b5 14.Bd3 Nfd7 15.g5 b4 
16.Nce2 hxg5 17.hxg5 Rxh1 18.Rxh1 Nc5 19.Nc1 Bb7 20.Rh8+ Bf8 21.Bf1 Ng6 
22.Rh7 d5 23.exd5 Bxd5 24.Nf5 Rd8 25.Qe2 Qe5 26.Nxg7+ Bxg7 27.Rxg7 Na4 28.
Rg8+ Ke7 29.Nd3 Bxa2+ 30.Kc1 Nf4 31.Nxe5 Nxe2+ 32.Bxe2 Rxg8 33.b3 Bxb3 34.
cxb3 Rc8+ 35.Bc4 Nc5 36.Kb2 a5 37.Bb5 f6 38.Bxc5+ Rxc5 39.gxf6+ Kd8 40.f7 
1-0

[Event "interzonal (w)"]
[Site "Chisinau MDA"]
[Date "1995.??.??"]
[Round "5"]
[White "Belakovskaia, Anjelina"]
[Black "Khorava, Miranda"]
[Result "1-0"]
[WhiteElo "2345"]
[BlackElo "2270"]
[EventDate "1995.09.??"]
[PlyCount "119"]

1.d4 e6 2.c4 Nf6 3.Nf3 b6 4.g3 Bb7 5.Bg2 Bb4+ 6.Bd2 Be7 7.Nc3 O-O 8.d5 
exd5 9.Nh4 c6 10.cxd5 cxd5 11.Bg5 Ne4 12.Bxe7 Qxe7 13.O-O Qe6 14.Qd4 Na6 
15.Rad1 Nxc3 16.bxc3 Rac8 17.Bxd5 Bxd5 18.Qxd5 Rxc3 19.Qxd7 Rc7 20.Qxe6 
fxe6 21.Rd2 Nc5 22.Rc1 e5 23.Ng2 Rcf7 24.f3 Re7 25.Ne3 g5 26.Rd5 Kg7 27.g4
Kf6 28.Rdxc5 bxc5 29.Nd5+ Ke6 30.Nxe7 Kxe7 31.Rxc5 Kd6 32.Ra5 Rf7 33.Kf2 
Rc7 34.h3 Rb7 35.a3 Rc7 36.Kg3 Rb7 37.h4 gxh4+ 38.Kxh4 Rb2 39.e4 Rb3 40.
Kg3 Rb7 41.g5 Rg7 42.Rd5+ Ke6 43.f4 exf4+ 44.Kxf4 Rc7 45.Rf5 Rb7 46.Rf6+ 
Ke7 47.Ra6 Kf7 48.Kf5 Rb5+ 49.e5 Rb7 50.a4 Rc7 51.a5 Rb7 52.Rc6 Kg7 53.a6 
Rf7+ 54.Ke4 Rd7 55.Rd6 Rc7 56.Kd5 Kf7 57.Rf6+ Ke7 58.e6 Ke8 59.Rh6 Rg7 60.
Kd6 1-0